ბათუმის შოთა რუსთაველის სახელმწიფო უნივერსიტეტის ბიბლიოთეკა

ქართული ენის ინგილოური დიალექტი (ბიბ.ჩანაწერი № 51229)

000 -LEADER
fixed length control field 01461nam a2200289Ia 4500
001 - CONTROL NUMBER
control field 18189
003 - CONTROL NUMBER IDENTIFIER
control field GE_BSU
008 - FIXED-LENGTH DATA ELEMENTS--GENERAL INFORMATION
fixed length control field 181216s||||||||xx |||||||||||||| ||und||
020 ## - INTERNATIONAL STANDARD BOOK NUMBER
International Standard Book Number 978-9941-10-110-6
040 ## - CATALOGING SOURCE
Transcribing agency GE_BSU
080 ## - UNIVERSAL DECIMAL CLASSIFICATION NUMBER
Universal Decimal Classification number 811.353.1'282
100 ## - MAIN ENTRY--PERSONAL NAME
Personal name აბაშვილი, ვასილ
245 ## - TITLE STATEMENT
Title ქართული ენის ინგილოური დიალექტი
245 ## - TITLE STATEMENT
Remainder of title ტექსტები
245 ## - TITLE STATEMENT
Statement of responsibility, etc. წიგნი გამოსაც. მოამზადეს მარინე ბერიძემ და მაია ბარიხაშვილმა. რედ. კონსტანტინე კაკიტაძე
250 ## - EDITION STATEMENT
Edition statement არნოლდ ჩიქობავას ენათმეცნიერების ინ-ტი
260 ## - PUBLICATION, DISTRIBUTION, ETC.
Place of publication, distribution, etc. თბილისი
260 ## - PUBLICATION, DISTRIBUTION, ETC.
Name of publisher, distributor, etc. მერიდიანი
260 ## - PUBLICATION, DISTRIBUTION, ETC.
Date of publication, distribution, etc. 2009
300 ## - PHYSICAL DESCRIPTION
Extent 388გვ. ; 20სმ.
300 ## - PHYSICAL DESCRIPTION
Accompanying material საძიებელი: გვ. 338-386. - ბიბლიოგრ.: გვ. 329-336.
520 ## - SUMMARY, ETC.
Summary, etc. ეძღვნება ბესარიონ ჯორბენაძის ხსოვნას
653 ## - INDEX TERM--UNCONTROLLED
Uncontrolled term ქართული ენის დიალექტები; ინგილოური დიალექტი
653 ## - INDEX TERM--UNCONTROLLED
Uncontrolled term ქართული ენის ინგილოური დიალექტი
942 ## - ADDED ENTRY ELEMENTS (KOHA)
Koha item type წიგნი
ეგზემპლარები
Withdrawn status Lost status Damaged status Not for loan Date acquired Barcode Date last seen Price effective from Koha item type
        2018-12-17 46365 2018-12-17 2018-12-17 წიგნი